000 01137cam a2200145 4500500
005 20260405041930.0
041 _afre
042 _adc
100 1 0 _aKepel, Gilles
_eauthor
700 1 0 _aMilelli, Jean-Pierre
_eauthor
245 0 0 _aAl-Qaida dans le texte : Écrits d'Oussama ben Laden, Abdallah Azzam, Ayman al-Zawahiri et Abou Moussab al-Zarqawi. Traductions de Jean-Pierre Milelli
260 _bPresses Universitaires de France,
_c2008.
520 _aCette édition totalement inédite des textes d’Al-Qaida a été publiée aux PUFen 2005 dans la collection «proche Orient», que dirige Gilles Kepel. Elle est rééditée en «Quadrige» avec une préface inédite de G. Kepel et une actualisation portant principalement sur al-Zawahiri et al-Zarqawi (mort en Irak depuis). Tout l’intérêt de l’ouvrage est de présenter en vis-à-vis des extraits de textes des quatre figures de l’islamisme contemporain, et des commentaires et des analyses de spécialistes des mouvements islamistes contemporains.
856 4 1 _uhttps://shs.cairn.info/al-qaida-dans-le-texte--9782130561514?lang=fr&redirect-ssocas=7080
999 _c2173317
_d2173317